书目信息 |
| 题名: |
即兴键盘和声——陈老师教你边弹边唱(下)
|
|
| 作者: | ||
| 分册: | 下册 | |
| 出版信息: | 北京 中央音乐学院出版社 |
|
| 页数: | 500页 | |
| 开本: | 24CM | |
| 丛书名: | ||
| 单 册: | ||
| 中图分类: | J624.06 | |
| 科图分类: | ||
| 主题词: | 器乐--理论 , 器乐--奏法 , 器乐--演奏 | |
| 电子资源: | ||
| ISBN: | 978-7-81096-661-0 | |
| 000 | 00621nam0 2200193 450 | |
| 001 | 2430387291 | |
| 005 | 20241018085149.03 | |
| 010 | @a978-7-81096-661-0@dCNY130.00 | |
| 100 | @a20241018d km y0chiy0120 ea | |
| 101 | 0 | @achi |
| 200 | 1 | @a即兴键盘和声——陈老师教你边弹边唱(下)@AJi Xing Jian Pan He Sheng——Chen Lao Shi Jiao Ni Bian Dan Bian Chang(Xia)@h下册 |
| 210 | @a北京@c中央音乐学院出版社 | |
| 215 | @a500页@d24CM | |
| 606 | 0 | @a器乐@x理论 |
| 606 | 0 | @a器乐@x奏法 |
| 606 | 0 | @a器乐@x演奏 |
| 690 | @aJ624.06@v4 | |
| 801 | 0 | @aCN@b大连网信软件有限公司图书馆·11@c20241018 |
| 905 | @aZUCC@b1058480@dJ624.06@e643:2@f1 | |
| 即兴键盘和声——陈老师教你边弹边唱(下).下册.-北京:中央音乐学院出版社 |
| 500页;24CM |
| ISBN 978-7-81096-661-0:CNY130.00 |
| ● |
| 相关链接 |
|
|
|
|
正题名:即兴键盘和声——陈老师教你边弹边唱(下)
索取号:J624.06/643:2
 
预约/预借
| 序号 | 登录号 | 条形码 | 馆藏地/架位号 | 状态 | 备注 |
| 1 | 1430895 | 214308952 | 密集书库-音乐系/ [索取号:J624.06/643:2] | 在馆 |